Central Library OPAC University of Rajshahi

A Confucian notebook / (Record no. 32588)

MARC details
000 -LEADER
fixed length control field 00842nam a22002772a 4500
001 - CONTROL NUMBER
control field 32588
003 - CONTROL NUMBER IDENTIFIER
rucl marc code BD-RjUL
005 - DATE AND TIME OF LATEST TRANSACTION
control field 20211209051848.0
008 - FIXED-LENGTH DATA ELEMENTS--GENERAL INFORMATION
fixed length control field 140427t1950 enk b 001 0 eng d
035 ## - SYSTEM CONTROL NUMBER
System control number (BD-RjUL)32677
040 ## - CATALOGING SOURCE
Original cataloging agency DLC
Transcribing agency ODC
Modifying agency OCL
-- UKM
-- EQO
-- BD-RjUL
Language of cataloging eng
041 ## - LANGUAGE CODE
Language code of text/sound track or separate title eng
082 ## - DEWEY DECIMAL CLASSIFICATION NUMBER
Classification number 299.51
Author mark and year HEC 1950
100 1# - MAIN ENTRY--PERSONAL NAME
Personal name Herbert, Edward,
Dates associated with a name 1891-
9 (RLIN) 99040
245 12 - TITLE STATEMENT
Title A Confucian notebook /
Statement of responsibility, etc. by Edward Herbert [pseud.] With a foreword by Arthur Waley
250 ## - EDITION STATEMENT
Edition statement 1st ed.
260 ## - PUBLICATION, DISTRIBUTION, ETC. (IMPRINT)
Place of publication, distribution, etc. London :
Name of publisher, distributor, etc. Murray,
Date of publication, distribution, etc. 1950.
300 ## - PHYSICAL DESCRIPTION
Pagination xiii, 89 p. ;
Size 18 cm
490 1# - SERIES STATEMENT
Series statement Wisdom of the East series
504 ## - BIBLIOGRAPHY, ETC. NOTE
Bibliography, etc Includes bibliographical reference and index.
650 #0 - SUBJECT ADDED ENTRY--TOPICAL TERM
Topical term or geographic name as entry element Confucius and Confucianism
9 (RLIN) 94942
830 10 - SERIES ADDED ENTRY--UNIFORM TITLE
Uniform title Wisdom of the East series
942 ## - ADDED ENTRY ELEMENTS (KOHA)
Source of classification or shelving scheme Dewey Decimal Classification
Koha item type Books
Holdings
Lost status Source of classification or shelving scheme Damaged status Not for loan Collection code Permanent Location Current Location Shelving location Date acquired Source of acquisition Total Checkouts Full call number Date last seen Copy number Koha item type
  Dewey Decimal Classification   Not For Loan Non-fiction Central Library, University of Rajshahi Central Library, University of Rajshahi Reading Room 18/01/1958 spalding trust   299.51 HEC 1950 27/04/2014 C-1 Books